Экология. Экономика. Информатика. Т. 2: Геоинформационные технологии и космический мониторинг (Запись № 12183428)

Подробности
000 -МАРКЕР
контрольное поле 01802nam2a2200325 4500
001 - ИДЕНТИФИКАТОР ЗАПИСИ
контрольное поле RU\NLR\BIBL_A\011254104
005 - ИДЕНТИФИКАТОР ВЕРСИИ
контрольное поле 20250626033807.0
021 ## - НОМЕР ГОСУДАРСТВЕННОЙ РЕГИСТРАЦИИ
Код страны российская федерация
Номер 2016-78654
Номер Листа государственной регистраци 5123
035 ## - ДРУГИЕ СИСТЕМНЫЕ НОМЕРА
Идентификатор записи (NLR Aleph) 011254104
100 ## - ДАННЫЕ ОБЩЕЙ ОБРАБОТКИ
Данные общей обработки 20161026d2016 |||y0rusy50 ca
101 0# - ЯЗЫК РЕСУРСА
Язык текста, звукозаписи и т.д. русский
Язык резюме английский
102 ## - СТРАНА ПУБЛИКАЦИИ ИЛИ ПРОИЗВОДСТВА
Страна публикации российская федерация
105 ## - ПОЛЕ КОДИРОВАННЫХ ДАННЫХ: ТЕКСТОВЫЕ МАТЕРИАЛЫ, МОНОГРАФИЧЕСКИЕ
Кодированные данные о монографическом текстовом документе ab z 001zy
200 1# - ЗАГЛАВИЕ И СВЕДЕНИЯ ОБ ОТВЕТСТВЕННОСТИ
Основное заглавие Геоинформационные технологии и космический мониторинг
Параллельное заглавие Geoinformation technologies and space monitoring
210 ## - ПУБЛИКАЦИЯ, РАСПРОСТРАНЕНИЕ И ДР.
Дата издания, распространения и т.д. 2016
Место издания, распространения и т.д. Б. м.
215 ## - ФИЗИЧЕСКАЯ ХАРАКТЕРИСТИКА
Специфическое обозначение материала и объем 347 с.
Другие сведения о физической характеристике ил., цв. ил., карт.
300 ## - ОБЩИЕ ПРИМЕЧАНИЯ
Текст примечания На обл.: ISSN 2500-123Х
300 ## - ОБЩИЕ ПРИМЕЧАНИЯ
Текст примечания Рез. ст. на англ. яз.
320 ## - ПРИМЕЧАНИЯ О НАЛИЧИИ В ДОКУМЕНТЕ БИБЛИОГРАФИИ / УКАЗАТЕЛЯ
Текст примечания Библиогр. в конце ст.
320 ## - ПРИМЕЧАНИЯ О НАЛИЧИИ В ДОКУМЕНТЕ БИБЛИОГРАФИИ / УКАЗАТЕЛЯ
Текст примечания Алф. указ. авт.: с. 346-347
461 #0 - УРОВЕНЬ НАБОРА
Встроенное поле 001RU\NLR\BIBL_A\011275854
-- 2001#$aЭкология. Экономика. Информатика$dEcology. Economy. Informatics$eсборник статей$fРос. фонд фундам. исслед. [и др.$gредкол.: акад. Матишов Г.Г. (гл. ред.) и др.]$zeng$vТ. 2
Системный номер (АБИС) связанной записи 10846408
Место публикации Ростов-на-Дону
Дата публикации 2016
Первые сведения об ответственности Рос. фонд фундам. исслед. [и др.
Параллельное заглавие Ecology. Economy. Informatics
Имя издателя, распространителя и т.д. Изд-во ЮНЦ РАН
Сведения, относящиеся к заглавию сборник статей
Заглавие Экология. Экономика. Информатика
Номер тома Т. 2
510 1# - ПАРАЛЛЕЛЬНОЕ ЗАГЛАВИЕ
Параллельное заглавие Geoinformation technologies and space monitoring
Язык заглавия английский
607 ## - ГЕОГРАФИЧЕСКОЕ НАИМЕНОВАНИЕ КАК ПРЕДМЕТ
Географическое наименование Земля, планета
Формальный подзаголовок Сборники
Тематический подзаголовок Дистанционное зондирование
-- Геоинформационные технологии
Системный номер авторитетной/нормативной записи 2268971
Идентификатор авторитетной/нормативной записи RU\NLR\AUTH\6601589239
686 1# - ИНДЕКСЫ ДРУГИХ КЛАССИФИКАЦИЙ
Индекс Д0в751я43
942 ## - ДОПОЛНИТЕЛЬНЫЕ ЭЛЕМЕНТЫ ЗАПИСИ (АБИС)
Тип экземпляра АБИС Книга
980 ## - КОЛЛЕКЦИЯ
Название коллекции Национальная библиография
Экземпляры
Тип экземпляра Дата поступления Источник поступления Библиотека постоянного хранения Библиотека текущего хранения Место хранения Шифр хранения Штрих-код Статус не для выдачи
Книга 26.10.2016 Обязательный экземпляр РНБ (Московский) РНБ (Московский) Русский книжный фонд: издания с 1957 года, 3этаж Хран 2016-7/5134 1-1616983  
Книга 26.10.2016 Обязательный экземпляр РНБ (Московский) РНБ (Московский) Русский книжный фонд: издания с 1957 года, 3этаж Хран 2016-7/5134 1-1616984